Aspectos de la dominación árabe en la región ilerdense (Record no. 104413)

MARC details
000 -LEADER
campo de control de longitud fija 00781nam a2200193 i 4500
001 - NÚMERO DE CONTROL
campo de control 104413
003 - IDENTIFICADOR DE NÚMERO DE CONTROL
campo de control ES-MaACL
005 - FECHA Y HORA DE LA ÚLTIMA TRANSACCIÓN
campo de control 20250824063039.0
007 - CAMPO FIJO DE DESCRIPCIÓN FÍSICA--INFORMACIÓN GENERAL
campo de control de longitud fija t|
008 - DATOS DE LONGITUD FIJA--INFORMACIÓN GENERAL
campo de control de longitud fija 051129s1948 sp ||||1| spa d
100 1# - ENTRADA PRINCIPAL--NOMBRE DE PERSONA
Nombre de persona Millás Vallicrosa, José María,
Fechas asociadas al nombre 1888-1970
9 (RLIN) 81191
245 10 - MENCIÓN DEL TÍTULO
Título Aspectos de la dominación árabe en la región ilerdense
Resto del título : primera lección del curso 1948-49 /
Mención de responsabilidad, etc. profesada por D. José Mª Millás Vallicrosa.
260 ## - PUBLICACIÓN, DISTRIBUCIÓN, ETC.
Lugar de publicación, distribución, etc. Lérida :
Nombre del editor, distribuidor, etc. [s.n.],
Fecha de publicación, distribución, etc. 1948 (
Fabricante Imp. Provincial)
300 ## - DESCRIPCIÓN FÍSICA
Extensión 24 p. ;
Dimensiones 24 cm.
500 ## - NOTA GENERAL
Nota general Precede al tít.: Consejo Superior de Investigaciones Científicas. Instituto de Estudios Ilerdenses.
710 2# - ENTRADA AGREGADA--NOMBRE DE ENTIDAD CORPORATIVA
Nombre de entidad corporativa o nombre de jurisdicción como elemento de entrada Instituto de Estudios Ilerdenses.
9 (RLIN) 4911
852 ## - LOCALIZACIÓN
Ubicación ES-MaACL
Número de control de estantería 1522-F-4
Sublocalización o colección R.26477
Holdings
Estatus retirado Estado de pérdida Estado de daño No para préstamo Colección Biblioteca de origen Biblioteca actual Ubicación en estantería Fecha de adquisición Fuente de adquisición Total de préstamos Signatura topográfica completa Código de barras Visto por última vez Precio de reemplazo Tipo de ítem Koha
        Colección de folletos Biblioteca del Ateneo de Madrid Biblioteca del Ateneo de Madrid Depósito folletos 17/01/2008     1522-F-4 1109017 23/02/2023 23/02/2023 Folleto